| 000 | 00475nam a2200181Ia 4500 | ||
|---|---|---|---|
| 005 | 20250508152704.0 | ||
| 008 | 008 250505s9999 xx 000 0 eng d | ||
| 037 | _aTextual | ||
| 040 |
_aFEDL _beng _cFEDL |
||
| 041 |
_aeng _2eng |
||
| 084 |
_a378.47, GRA _qFEDL |
||
| 100 |
_aGrant Douglas Ed. _948055 |
||
| 245 | 0 | _aHumanities in Soveit higher education | |
| 260 | _c1960 | ||
| 300 | _a96p. | ||
| 942 |
_cTEXL _h378.47, GRA |
||
| 999 |
_c1338065 _d1338065 |
||